000 00830nam a22002297a 4500
005 20240821152910.0
008 220726b ||||| |||| 00| 0 eng d
020 _a8188139327
040 _cAloy
041 _aHindi
082 _223
_aH891.1
_bPATB
100 _aMoolchandr Patak:
_9177712
100 _953369
_d मूलचंद्र पाठक
245 _aBhatrhari ka shringar shatak
_bभतृहरि का श्रृंगार शतक
260 _aDilli
_bJnan Ganga
_c2003
300 _a130p.
_bHB
_c22x14cm.
365 _2Hindi
_b125.00
_c
_d125.00
650 _aHindi Poetry: हिंदी कविता
_953366
650 _aHindi Literature: हिंदी साहित्य
_953367
700 _aPATAK (Mulchandr): पाठक (मूलचंद्र)
_953368
942 _2ddc
_cGF
999 _c224198
_d224198